| 000 | 01105cab a22002175a 4500 | ||
|---|---|---|---|
| 001 | L138383 | ||
| 008 | 070601e2007 xxk s 000 0 eng d | ||
| 035 | _a(Sirsi) u138383 | ||
| 041 | 0 | _aeng | |
| 100 | 1 | _aChristie, Colin | |
| 245 | 0 | 0 | _aAccess or excess? |
| 260 | _c2007 | ||
| 490 |
_aJournal of the Law Society of Scotland _v52(5) May 2007, 48-50(3) |
||
| 520 | _aDescribes access rights in Scotland. These need to be exercised carefully and responsibly to avoid committing an offence. It is a myth that there are no trespass laws in Scotland. The Trespass (Scotland) Act 1865, enacted to keep clans off their ancestral land, is still used regularly. It fails to make clear its definition of private property. The Land Reform (Scotland) Act 2003 provides little protection from prosecution under the 1865 Act. There remains much need for clarification. | ||
| 590 | _aKA | ||
| 650 | 2 | 4 | _aLAND REFORM (SCOTLAND) ACT 2003 |
| 650 | 2 | 4 | _aTRESPASS (SCOTLAND) ACT 1865 |
| 651 | 4 |
_aScotland _y1999- |
|
| 690 | _aPROPERTY-RURAL AND NATURAL ASSETS-AGRICULTURAL PROPERTY-AGRICULTURAL LAND | ||
| 942 | _n0 | ||
| 999 |
_c78843 _d78843 |
||